Normal view MARC view
  • Supervisor: Dr. Muhammad Nafees Mumtaz Qadri

Entry Personal Name

Number of records used in: 2

001 - CONTROL NUMBER

  • control field: 125618

003 - CONTROL NUMBER IDENTIFIER

  • control field: NUST

005 - DATE AND TIME OF LATEST TRANSACTION

  • control field: 20240903121141.0

008 - FIXED-LENGTH DATA ELEMENTS

  • fixed length control field: 240903|| aca||aabn | a|a d

040 ## - CATALOGING SOURCE

  • Original cataloging agency: NUST
  • Transcribing agency: NUST

100 ## - HEADING--PERSONAL NAME

  • Personal name: Supervisor: Dr. Muhammad Nafees Mumtaz Qadri

670 ## - SOURCE DATA FOUND

  • Source citation: Work cat.: (NUST): Ahmad Mian ,Moaqir 125617, Numerical investigation of flow around two co-rotating cylinders in side by side configuration /
© 2023 Central Library, National University of Sciences and Technology. All Rights Reserved.